00541nam a22001457a 450000500170000000800410001702000180005804000100007608200230008610000240010924500650013326000430019830000210024165001330026220260218171334.0260218b |||||||| |||| 00| 0 eng d a9789393875143 cVITAP 223a954.821092 SAN aSanthanam, Kausalya aPioneersb: Stars in The Madras Galaxyc/ Kausalya Santhanam aChennaibTHG Publishing Pvt Ltd.c2023 a215p, ill.: 23cm 0aBiographical Profiles, Education & Academia, Law & Judiciary, Business & Industry, Arts & Culture, Medicine & Public Health etc.